Statistiche per 10 comuni più grandi d'Italia

Clicka qui per fare il quiz!

Statistiche generali

  • Questo quiz è stato fatto 290 volte
  • Il punteggio medio è 5 su 10

Statistiche sulle risposte

SuperficieRegioneComune% Corretto
1285Lazio⭐️Roma
100%
507Puglia⭐️Foggia
72%
466Abruzzo⭐️L'Aquila
63%
652Emilia-R.⭐️Ravenna
61%
546Sardegna⭐️Sassari
59%
474Toscana⭐️Grosseto
54%
525UmbriaGubbio
29%
551SiciliaNoto
24%
593PugliaCerignola
23%
529SiciliaMonreale
8%

Distribuzione punteggi

Percentile per numero di risposta

Percentuale di utenti per punteggio

I tuoi punteggi nel tempo

Non hai fatto questo quiz